5HLuxD.jpg

KING HENRY VIII SENIOR AND PRIMARY SCHOOL LIBRARY OPAC

Essential Chemistry for Cambridge IGCSE : (Record no. 4218)

000 -LEADER
fixed length control field 00962nam a22002177a 4500
003 - CONTROL NUMBER IDENTIFIER
control field OSt
005 - DATE AND TIME OF LATEST TRANSACTION
control field 20250127112513.0
008 - FIXED-LENGTH DATA ELEMENTS--GENERAL INFORMATION
fixed length control field 250127b ||||| |||| 00| 0 eng d
020 ## - INTERNATIONAL STANDARD BOOK NUMBER
International Standard Book Number 9780198374688
040 ## - CATALOGING SOURCE
Transcribing agency KH8
082 ## - DEWEY DECIMAL CLASSIFICATION NUMBER
Classification number 540.76 NOR
100 ## - MAIN ENTRY--PERSONAL NAME
Personal name Norris, Roger,
Relator term author.
245 ## - TITLE STATEMENT
Title Essential Chemistry for Cambridge IGCSE :
Remainder of title Workbook /
Statement of responsibility, etc. Roger Norris.
260 ## - PUBLICATION, DISTRIBUTION, ETC.
Place of publication, distribution, etc. United Kingdom ;
Name of publisher, distributor, etc. Oxford University Press ,
Date of publication, distribution, etc. 2016.
300 ## - PHYSICAL DESCRIPTION
Extent 180 pages :
Other physical details illustrations ;
Dimensions 30 cm.
520 ## - SUMMARY, ETC.
Summary, etc. Equip EAL students to achieve in assessment. Building and reinforcing skills step-by-step and helping students to master scientific language, this Workbook strengthens exam potential. Fully matched to the latest Cambridge syllabus, students will acquire and extend all the key practical skills central to Cambridge exams.
650 ## - SUBJECT ADDED ENTRY--TOPICAL TERM
Topical term or geographic name entry element Chemistry
Form subdivision Workbook
650 ## - SUBJECT ADDED ENTRY--TOPICAL TERM
Topical term or geographic name entry element Chemistry
Form subdivision assessment
650 ## - SUBJECT ADDED ENTRY--TOPICAL TERM
Topical term or geographic name entry element Chemistry
Form subdivision exercise and answer
942 ## - ADDED ENTRY ELEMENTS (KOHA)
Source of classification or shelving scheme
Koha item type Books - Non Ficton
Holdings
Withdrawn status Lost status Source of classification or shelving scheme Damaged status Not for loan Collection code Permanent Location Current Location Shelving location Date acquired Full call number Barcode Date last seen Price effective from Koha item type
          Non-Fiction KH8 Senior School Library KH8 Senior School Library Non Fiction 2025-01-27 540.76 NOR 3KHSL000102152 2025-01-27 2025-01-27 Books - Non Ficton

Powered By KH8 IT Dept